Quiz o Wielkiej Brytanii - Statystyki

Ogólne statystyki
  • Ten quiz został rozwiązany 264 razy
    47 od ostatniego zresetowania
  • Średni wynik to 8 z 20
Statystyki odpowiedzi
Pytanie Odpowiedź % Poprawnych
Co jest aktualną stolicą Wielkiej Brytanii? Londyn
100%
Kto jest aktualnym królem Wielkiej Brytanii? Król Karol III
75%
Irlandia
65%
Irlandia
65%
Główne wyspy Wielka Brytania
58%
Do jakiej organizacji międzynarodowej dołączyła Wielka Brytania w 1949? NATO
53%
Jakie jest drugie pod względem ludności miasto w Wielkiej Brytanii? Birmingham
50%
Ile jest jednostek podziału administracyjnego Wielkiej Brytanii? 4
45%
Liczba ludności (w milionach) 66 mln
35%
Państwa sąsiadujące ( uwzględniając terytoria zależne) Hiszpania
35%
Z jakim morzem Wielka Brytania graniczy na wschodzie? Morze Północne
35%
Jak nazywają się jednostki podziału administracyjnego Wielkiej Brytanii? (Czyli coś takiego jak polskie województwa.) kraje | księstwo | prowincja
23%
Jakie jest trzecie pod względem ludności Wielkiej Brytanii Leeds
23%
Z jakim morzem Wielka Brytania graniczy na północy? Morze Norweskie
23%
Jaka jest najdłuższa rzeka Wielkiej Brytanii? Severn
20%
Pełna nazwa Wielkiej Brytanii Zjednoczone Królestwo Wielkiej Brytanii i Irlandii Północnej
20%
Jaka jest najwyższa góra w Wielkiej Brytanii? Ben Nevis
15%
Z jakim morzem Wielka Brytania graniczy na zachodzie? Morze Irlandzkie
13%
Lewis and Harris
0%
Jakie jest najgłębsze jezioro Wielkiej Brytanii? Loch Morar
0%
Nie znaleziono quizów pasujących do podanych kryteriów
Rozkład punktacji
Procent ludzi z każdym wynikiem
Percentyl według liczby udzielonych odpowiedzi
Twoja historia wyników
Nie rozwiązałeś tego quizu od ostatniego zresetowania